000 00673cam4a220021700 4500
001 tmp15937227
003 UPRA
005 20190822105611.0
008 951114s1976 xx eng u
035 _a(Sirsi) r50464
035 _a(UPRA)tmp15937227
040 _cUPRA
100 1 _aTylercote, R. F.
_6A8398.1
245 1 2 _aA history of metallurgy.
260 _c1976.
949 _aTN615
_wlcc
_i33729000289889
_mMAIN
_p2500
_tBOOK
_lON-SHELF
949 _aTN615
_wlcc
_i33729000289947
_mMAIN
_p2500
_tBOOK
_lON-SHELF
949 _aTN615
_wlcc
_i33729000290002
_mMAIN
_p2500
_tBOOK
_lON-SHELF
949 _aTN615
_wlcc
_i33729000290069
_mMAIN
_p2500
_tBOOK
_lON-SHELF
004 50464
999 _c131357
_d131357